00409nam a2200097Ia 4500008004100000100001700041245011300058260010500171546001200276700002300288220512s9999 xx 000 0 eng d aBansal, IJS  0aSome dimensions of Human Biological Diversity among Indian populations /cBansal, IJS and Basu, Amitabha ed  aWest Midnapore, West Bengal :bIndian National Confederation and Academy of Anthropologists,cFeb-07 aEnglish aBasu, Amitabha ed